| 000 | 00754nam a2200241 a 4500 | ||
|---|---|---|---|
| 001 | 000015190 | ||
| 005 | 20250219074027.0 | ||
| 008 | 100203s2007 dr a 000 0 spa d | ||
| 020 | _a9789945068436 | ||
| 040 |
_aDO-SdBNP _bspa _cBNPHU |
||
| 082 |
_aRD863.44 _bB142n |
||
| 100 | 1 |
_aBáez, Rannel _934413 |
|
| 245 | 1 | 0 |
_aNudos y alfileres : _bcuentos / _cRannel Báez ; edición Isael Pérez. |
| 260 |
_aSanto Domingo : _bSantuario, _c2007. |
||
| 300 |
_a128 p. : _bil. ; _c21 cm. |
||
| 490 | 1 | _aSantuario | |
| 590 | _aInventariado, 2020/MFF | ||
| 650 | 0 |
_aCuentos dominicanos _9176 |
|
| 650 | 0 |
_aLiteratura dominicana. _967 |
|
| 700 | 1 |
_aPérez, Isael, _d1961- _eed _91414 |
|
| 830 | 0 |
_aSantuario _91539 |
|
| 910 | _aValidado. Control de calidad MMOLINA | ||
| 999 |
_c14761 _d14761 |
||